কবি কঙ্কন চন্ডী : (Record no. 160184)
[ view plain ]
| 000 -LEADER | |
|---|---|
| fixed length control field | 00751nam a22001817a 4500 |
| 003 - CONTROL NUMBER IDENTIFIER | |
| control field | BD-DhUL |
| 005 - DATE AND TIME OF LATEST TRANSACTION | |
| control field | 20170306160116.0 |
| 008 - FIXED-LENGTH DATA ELEMENTS--GENERAL INFORMATION | |
| fixed length control field | 170306b1925 II a|||| |||| 00| 0 B d |
| 040 ## - CATALOGING SOURCE | |
| Original cataloging agency | BD-DhUL |
| Transcribing agency | BD-DhUL |
| 082 ## - DEWEY DECIMAL CLASSIFICATION NUMBER | |
| Classification number | 891.449 |
| Item number | KAK |
| 100 #1 - MAIN ENTRY--PERSONAL NAME | |
| Personal name | বন্দোপাধ্যায়, চারুচন্দ্র |
| 245 10 - TITLE STATEMENT | |
| Title | কবি কঙ্কন চন্ডী : |
| Remainder of title | প্রথম ভাগ / |
| Statement of responsibility, etc. | চারুচন্দ্র বন্দোপাধ্যায় |
| 260 ## - PUBLICATION, DISTRIBUTION, ETC. (IMPRINT) | |
| Place of publication, distribution, etc. | কলিকাতা : |
| Name of publisher, distributor, etc. | ইউনিভার্সিটি, |
| Date of publication, distribution, etc. | ১৯২৫. |
| 300 ## - PHYSICAL DESCRIPTION | |
| Extent | ৬০৩ পৃষ্ঠা, [৬১]পৃষ্ঠা ; |
| Dimensions | ৩৫ সেমি. |
| 650 #4 - SUBJECT ADDED ENTRY--TOPICAL TERM | |
| Topical term or geographic name as entry element | পদাবলী |
| 650 #4 - SUBJECT ADDED ENTRY--TOPICAL TERM | |
| Topical term or geographic name as entry element | Candor |
| 942 ## - ADDED ENTRY ELEMENTS (KOHA) | |
| Source of classification or shelving scheme | |
| Koha item type | Reference |
| Price effective from | Date last seen | Permanent Location | Not for loan | Date acquired | Source of classification or shelving scheme | Koha item type | Lost status | Withdrawn status | Copy number | Source of acquisition | Collection code | Damaged status | Shelving location | Barcode | Current Location | Full call number |
|---|---|---|---|---|---|---|---|---|---|---|---|---|---|---|---|---|
| 2017-03-06 | 2017-03-06 | Dhaka University Library | Not For Loan | 2017-03-06 | Reference | 1 | Gift | Reference | Rare Collection | A162018 | Dhaka University Library | 891.449 KAK | ||||
| 2017-03-06 | 2017-03-06 | Dhaka University Library | Not For Loan | 2017-03-06 | Reference | 2 | Gift | Reference | Rare Collection | A162016 | Dhaka University Library | 891.449 KAK |
